| 000 | 00685nab a2200217 uc4500 | ||
|---|---|---|---|
| 001 | 629371 | ||
| 005 | 20260429101723.0 | ||
| 008 | 001010e19991101 spa | ||
| 035 | _a629371 | ||
| 035 | _a(OCoLC)819846626 | ||
| 040 | _ccomduadb | ||
| 041 | _aspa | ||
| 100 | 1 | 0 |
_aPereira Chaves, Jose _4aut _eaut _9512146 |
| 245 | 1 | 0 | _aPolitica curricular |
| 650 | 7 |
_aEducación superior _2lemb _91957 |
|
| 650 |
_aParadigmas (Educación) _931230 |
||
| 650 |
_aInnovación curricular _969618 |
||
| 650 | 7 |
_aPolítica educativa _2lemb _9856390 |
|
| 773 | 0 |
_tFragmentos de Cultura (Goiania) _gVol. 09, No. 06, Nov.-Dic. 1999, p. 1455-1474 _w551406 _x1414-9494 _0131998 |
|
| 942 | _cARIMP | ||
| 999 |
_c160874 _d160874 |
||